000 01028nam a22002057a 4500
008 100414s2005 sj|||||r||| 000 0 ara d
020 _a99942540038
082 _222
_a177
_bع ا ب
100 _913555
_aزين العابدين، عبد المتعال
245 _aقضايا الفلسفة الاجتماعية .الكتاب الثاني:
_b/مفهوم العقوبة: الجزائية- النفعية- العلاجية
_cعبد المتعال زين العابدين
260 _aالخرطوم:
_bدار عزة ، 2005
_c2005
300 _a525 ص؛
_b22 سم
500 _aيحتوي على ببليوجرافية: ص523-524
541 _aالف باء؛
_cشراء؛
650 _913556
_aالجريمة والمجرمون
650 _913553
_aالأخلاق الاجتماعية
650 _913554
_aالقيم الاجتماعية
942 _2ddc
_cBB
999 _c13891
_d13891